(If You Want Love) Lower Your Expectations - Bo Burnham - All Lyrics - Statistics

General Stats
  • This quiz has been taken 59 times
  • The average score is 294 of 365
Answer Stats
Answer % Correct
a
100%
A
100%
I
97%
want
97%
when
97%
You
97%
you
97%
you,
97%
bad
94%
bad,
94%
boy,
94%
boy
94%
expectations
94%
for
94%
girl
94%
girl,
94%
good
94%
good,
94%
guy
94%
If
94%
if
94%
love,
94%
love
94%
lower
94%
who
94%
your
94%
and
91%
And
91%
friends,
91%
of
91%
she
91%
that
91%
that's
91%
The
91%
the
91%
to
91%
We
91%
we
91%
along
88%
but
88%
But
88%
gets
88%
hot
88%
hot,
88%
in
88%
like
88%
likes
88%
lot
88%
never
88%
not
88%
real
88%
real,
88%
she's
88%
them
88%
them"
88%
Then
88%
week
88%
with
88%
you're
88%
any
85%
at
85%
died
85%
feminist
85%
half
85%
her
85%
is
85%
it,
85%
it
85%
it's
85%
just
85%
kind
85%
mind
85%
on
85%
pay
85%
right!
85%
stuff
85%
sweet,
85%
think
85%
this
85%
without
85%
attracted
82%
being
82%
can
82%
he's
82%
me
82%
off
82%
only
82%
pick
82%
really
82%
say:
82%
thing
82%
what:
82%
would
82%
exists
79%
feet,
79%
"Fuck
79%
him
79%
last
79%
might
79%
settle
79%
sweep
79%
Because
76%
got
76%
Guess
76%
promise
76%
dick
74%
mother
74%
nice,
74%
us
74%
weekend
74%
always
71%
Charming
71%
doll
71%
few
71%
gift,
71%
looks,
71%
Obsessed
71%
Prince
71%
tough
71%
ever
68%
insanely
68%
jokes
68%
laughs
68%
Loves
68%
show
68%
throat
68%
all
65%
Now
65%
out
65%
tickle
65%
calls
62%
uses
62%
decline
59%
folks
59%
great
59%
movies
59%
‘Cause
56%
don't
56%
know,
56%
less
56%
lover,
56%
offer
56%
doesn't
53%
let
53%
weak,
53%
whip
53%
alive
47%
deserve
47%
best
44%
brand
44%
care
44%
make
44%
new,
44%
sensitive
44%
suck,
44%
suck
44%
very
44%
Wants
44%
won't
44%
aren't
41%
even
41%
husband
41%
part
41%
perfect
41%
than
41%
wife
41%
25
38%
bedhead
38%
days
38%
dead-end
38%
down
38%
life
38%
notice
38%
our
38%
turned
38%
job
35%
or
35%
deep
32%
slob
32%
children,
29%
freak,
29%
impress
29%
Somebody
29%
neat
26%
brothers,
24%
No matching quizzes found
Score Distribution
Percent of People with Each Score
Percentile by Number Answered
Your Score History
You have not taken this quiz